| 000 | 00431cam a2200181ua 4500 | ||
|---|---|---|---|
| 020 | _c4.50 | ||
| 041 |
_ahin _h |
||
| 082 |
_a891.54 _bVAS/ME |
||
| 100 | _aVasudev Sharan, Agrawal . | ||
| 245 |
_aMegdut / _cVasudev Sharan Agrawal. _hTextual Documents |
||
| 250 |
_a3 / _b. |
||
| 260 |
_aDelhi : _bRajkamal Prakash , _c1960. |
||
| 300 | _a246 ; . | ||
| 365 | _a4.50 | ||
| 504 | _a | ||
| 942 | _cBK | ||
| 999 |
_c8063 _d8063 |
||